[Event "100 Jahre Schvgg Blankenese - Open 2023"]
[Site "Lise-Meitner-Gymnasium (HH)"]
[Date "2023.10.02"]
[Round "6.4"]
[White "Helmer, Jan"]
[Black "Kotyk, Michael"]
[Result "1/2-1/2"]
[WhiteElo "2152"]
[BlackElo "2225"]
[PlyCount "117"]
[EventDate "2023.09.30"]
[EventType "swiss"]
[EventRounds "7"]
[WhiteTeam "Hamelner SV"]
[BlackTeam "Hamburger SK von 1830 eV"]

1. Nf3 d5 2. e3 e6 3. b3 Nf6 4. Bb2 Bd6 5. d4 O-O 6. Bd3 b6 7. O-O Bb7 8. Nbd2
Ne4 9. c4 Nd7 10. Qc2 f5 11. cxd5 exd5 12. Ne5 Bxe5 13. dxe5 Ndc5 14. Be2 Ne6
15. f4 c5 16. Nxe4 dxe4 17. Rad1 Qe7 18. Rd6 Rad8 19. Rfd1 Kh8 20. Bc4 Bc8 21.
Qd2 Rde8 22. Kh1 g5 23. g3 g4 24. a4 h5 25. a5 Qc7 26. axb6 axb6 27. Qe2 Re7
28. Bb5 Qa7 29. Ra1 Qb8 30. Qc4 Kg7 31. Bc6 Nc7 32. Rad1 Be6 33. Rxe6 Nxe6 34.
Rd6 b5 35. Qd5 Rd8 36. Bd7 Rdxd7 37. Rxd7 Kf7 38. Qc6 Qe8 39. Rxe7+ Kxe7 40.
Qd6+ Kf7 41. b4 cxb4 42. Qxb4 Qd7 43. Qa3 Qd3 44. Kg1 Qxa3 45. Bxa3 Nc7 46. Kf2
Ke6 47. Ke2 Kd5 48. Bd6 Ne8 49. Bf8 Kc4 50. Kd2 Nc7 51. Bd6 Ne6 52. Kc2 b4 53.
Kd2 b3 54. Ba3 Nc7 55. Bb2 Kb4 56. Ke2 Ne6 57. Kd2 Nc5 58. Bd4 Ne6 59. Bb2
1/2-1/2

[Event "100 Jahre Schvgg Blankenese - Open 2023"]
[Site "Lise-Meitner-Gymnasium (HH)"]
[Date "2023.10.02"]
[Round "6.5"]
[White "Popvasilev, Kaloyan"]
[Black "Spät, Alexander"]
[Result "1-0"]
[WhiteElo "2221"]
[BlackElo "1978"]
[PlyCount "29"]
[EventDate "2023.09.30"]
[EventType "swiss"]
[EventRounds "7"]
[WhiteTeam "SV Bargteheide"]
[BlackTeam "SC Sternschanze von 1911 e.V."]

1. e4 e6 2. d3 d5 3. Qe2 dxe4 4. dxe4 e5 5. Nc3 Nc6 6. Bd2 Be6 7. O-O-O Nd4 8.
Qd3 Qf6 9. Nf3 c6 10. Bg5 Qg6 11. Nb5 f6 12. Nc7+ Kf7 13. Nxe6 Nxe6 14. Qd7+
Be7 15. Bc4 1-0

[Event "100 Jahre Schvgg Blankenese - Open 2023"]
[Site "Lise-Meitner-Gymnasium (HH)"]
[Date "2023.10.02"]
[Round "6.6"]
[White "Atri, Jamshid"]
[Black "Hovhannisyan, Artur"]
[Result "0-1"]
[WhiteElo "1948"]
[BlackElo "2215"]
[PlyCount "86"]
[EventDate "2023.09.30"]
[EventType "swiss"]
[EventRounds "7"]
[WhiteTeam "Hamburger SK von 1830 eV"]
[BlackTeam "SK Norderstedt von 1975"]

1. e4 c5 2. Nf3 Nc6 3. d4 cxd4 4. Nxd4 Nf6 5. Nc3 Qb6 6. Nb3 e6 7. g3 a6 8. Bg2
d6 9. O-O Be7 10. a4 O-O 11. a5 Qc7 12. Be3 Ne5 13. Bb6 Qb8 14. Qe2 Nfd7 15.
Be3 Qc7 16. Nd2 b5 17. f4 Nc6 18. Nb3 Bb7 19. Nb1 Rac8 20. Rc1 Nc5 21. N1d2 Qb8
22. Nd4 Nxd4 23. Bxd4 e5 24. Be3 Qa8 25. Bf2 f5 26. Bxc5 Rxc5 27. exf5 exf4 28.
Bxb7 Qxb7 29. g4 Re5 30. Qf3 Qa7+ 31. Qf2 Re3 32. Kf1 Qd4 33. b3 Qd5 34. Rd1
Bf6 35. Rac1 Rfe8 36. Qg2 f3 37. Qf2 Qe5 38. Nxf3 Qf4 39. Ng1 Qxg4 40. Rd5 Bh4
41. h3 Re1+ 42. Rxe1 Rxe1+ 43. Qxe1 Qf4+ 0-1

[Event "100 Jahre Schvgg Blankenese - Open 2023"]
[Site "Lise-Meitner-Gymnasium (HH)"]
[Date "2023.10.02"]
[Round "6.7"]
[White "Urban, Ralf-Dieter"]
[Black "Bracker, Arne"]
[Result "1/2-1/2"]
[WhiteElo "1998"]
[BlackElo "2280"]
[PlyCount "93"]
[EventDate "2023.09.30"]
[EventType "swiss"]
[EventRounds "7"]
[WhiteTeam "SK Union Eimsbuettel eV"]
[BlackTeam "Hamburger SK von 1830 eV"]

1. e4 c5 2. Nf3 d6 3. d4 cxd4 4. Nxd4 Nf6 5. Bc4 e6 6. Nc3 a6 7. Bb3 Nbd7 8.
O-O Nc5 9. f3 Be7 10. Be3 Qc7 11. g4 b5 12. Qd2 Bb7 13. a4 Nxb3 14. cxb3 b4 15.
Nce2 d5 16. Rac1 Qa5 17. e5 Nd7 18. f4 O-O 19. Nc6 Bxc6 20. Rxc6 Nc5 21. f5
Rfc8 22. Nd4 Ne4 23. Qe2 exf5 24. Nxf5 Qd8 25. Rfc1 Bf8 26. Qxa6 Rcb8 27. Qe2
Qe8 28. Bf4 g6 29. Ne3 Rc8 30. Rxc8 Rxc8 31. Rxc8 Qxc8 32. Nxd5 Qc5+ 33. Ne3 g5
34. Bg3 Nxg3 35. hxg3 Qxe5 36. Kf2 Bc5 37. Kf3 h5 38. Qd3 Bxe3 39. Qxe3 hxg4+
40. Ke2 Qxb2+ 41. Qd2 Qxb3 42. Qxg5+ Kf8 43. Qd8+ Kg7 44. Qg5+ Kf8 45. Qd8+ Kg7
46. Qg5+ Kf8 47. Qd8+ 1/2-1/2

[Event "100 Jahre Schvgg Blankenese - Open 2023"]
[Site "Lise-Meitner-Gymnasium (HH)"]
[Date "2023.10.02"]
[Round "6.8"]
[White "Bracker, Frank"]
[Black "Helms, Finn"]
[Result "1-0"]
[WhiteElo "2278"]
[BlackElo "2065"]
[PlyCount "93"]
[EventDate "2023.09.30"]
[EventType "swiss"]
[EventRounds "7"]
[WhiteTeam "Hamburger SK von 1830 eV"]
[BlackTeam "SAbt SV Werder Bremen"]

1. Nf3 Nf6 2. c4 e6 3. g3 d5 4. Bg2 Be7 5. O-O O-O 6. d4 c6 7. b3 Nbd7 8. Nc3
b6 9. Bb2 Ba6 10. Nd2 c5 11. dxc5 Rc8 12. cxd5 exd5 13. cxb6 Bb4 14. Nxd5 Nxd5
15. Bxd5 Nxb6 16. Bc4 Nxc4 17. Nxc4 Bxc4 18. bxc4 Rxc4 19. Qb3 Re4 20. Rad1 Qe7
21. e3 h5 22. Qd5 h4 23. Rd4 Re8 24. Rxe4 Qxe4 25. Qxe4 Rxe4 26. Bd4 hxg3 27.
hxg3 Re6 28. Rc1 a5 29. Kg2 Kh7 30. Rc7 Kg6 31. f4 f6 32. Kf3 Re8 33. g4 Re7
34. Rxe7 Bxe7 35. Ke4 Bf8 36. a4 Bb4 37. Kd3 Kf7 38. Bc3 Bc5 39. Bxa5 Ke6 40.
f5+ Kd5 41. Bc3 Ba7 42. e4+ Kc6 43. Bb4 Bc5 44. Bxc5 Kxc5 45. e5 fxe5 46. Ke4
Kd6 47. g5 1-0

[Event "100 Jahre Schvgg Blankenese - Open 2023"]
[Site "Lise-Meitner-Gymnasium (HH)"]
[Date "2023.10.02"]
[Round "6.9"]
[White "Wennmann, Thorsten"]
[Black "Hebbinghaus, Holger"]
[Result "1/2-1/2"]
[WhiteElo "1937"]
[BlackElo "2179"]
[PlyCount "46"]
[EventDate "2023.09.30"]
[EventType "swiss"]
[EventRounds "7"]
[WhiteTeam "SchVgg Blankenese von 1923 e.V."]
[BlackTeam "SK Doppelbauer Kiel von 1910 e.V"]

1. d4 d5 2. Nf3 Nf6 3. g3 e6 4. Bg2 c5 5. c4 dxc4 6. O-O Nc6 7. Na3 cxd4 8.
Nxc4 Bc5 9. Nfe5 Nxe5 10. Nxe5 O-O 11. Qb3 Bd6 12. Nc4 e5 13. Nxd6 Qxd6 14. Bd2
Be6 15. Bb4 Qd7 16. Qa3 Rfe8 17. Rac1 Bd5 18. Rfd1 Bxg2 19. Kxg2 Nd5 20. Bd2 b6
21. e3 Rad8 22. exd4 Qb7 23. Kg1 e4 1/2-1/2

[Event "100 Jahre Schvgg Blankenese - Open 2023"]
[Site "Lise-Meitner-Gymnasium (HH)"]
[Date "2023.10.02"]
[Round "6.10"]
[White "Thomaschke, Dirk"]
[Black "Goldmann, David"]
[Result "1-0"]
[WhiteElo "2161"]
[BlackElo "1970"]
[PlyCount "61"]
[EventDate "2023.09.30"]
[EventType "swiss"]
[EventRounds "7"]
[WhiteTeam "FC ST.Pauli 1910 eV SAbt"]
[BlackTeam "Hamburger SK von 1830 eV"]

1. e4 c5 2. Nf3 g6 3. d4 cxd4 4. Nxd4 Bg7 5. c4 Nc6 6. Be3 Nf6 7. Nc3 d6 8. Be2
O-O 9. O-O Nxd4 10. Bxd4 Bd7 11. Rc1 Bc6 12. Qd2 a5 13. f3 Nd7 14. Be3 Nc5 15.
Rc2 Na6 16. b3 Nc5 17. Rb1 Qb6 18. Kh1 Rfc8 19. a3 Qd8 20. b4 axb4 21. axb4 Na4
22. Nd5 Bxd5 23. exd5 b6 24. Bd4 Bxd4 25. Qxd4 Qd7 26. h3 Qc7 27. Ra1 Ra7 28.
Ra3 Rca8 29. Rca2 b5 30. Qa1 e6 31. cxb5 1-0

[Event "100 Jahre Schvgg Blankenese - Open 2023"]
[Site "Lise-Meitner-Gymnasium (HH)"]
[Date "2023.10.02"]
[Round "6.11"]
[White "Kahlert, Thomas"]
[Black "Piepenhagen, Eric"]
[Result "1-0"]
[WhiteElo "2111"]
[BlackElo "1913"]
[PlyCount "49"]
[EventDate "2023.09.30"]
[EventType "swiss"]
[EventRounds "7"]
[WhiteTeam "FC ST.Pauli 1910 eV SAbt"]
[BlackTeam "Niendorfer TSV 1919 SAbt"]

1. c4 e5 2. Nc3 Nc6 3. Nf3 Nf6 4. g3 d5 5. cxd5 Nxd5 6. Bg2 Nb6 7. O-O Be7 8.
b3 Be6 9. Bb2 f6 10. Rc1 O-O 11. d4 Nxd4 12. Nxd4 exd4 13. Ne4 c6 14. Qxd4 Qxd4
15. Bxd4 Rad8 16. Rfd1 Nd7 17. Be3 Bd5 18. Bxa7 f5 19. Nc5 Nf6 20. Bxd5+ Rxd5
21. Rxd5 Nxd5 22. Nxb7 Ra8 23. Bd4 Rxa2 24. Rxc6 Rxe2 25. Nd6 1-0

[Event "100 Jahre Schvgg Blankenese - Open 2023"]
[Site "Lise-Meitner-Gymnasium (HH)"]
[Date "2023.10.02"]
[Round "6.12"]
[White "Stiller, Maximilian"]
[Black "Rolf, Marco"]
[Result "1-0"]
[WhiteElo "1715"]
[BlackElo "2045"]
[PlyCount "99"]
[EventDate "2023.09.30"]
[EventType "swiss"]
[EventRounds "7"]
[WhiteTeam "Hagener SV"]
[BlackTeam "TV Fischbek Suederelbe"]

1. Nf3 d5 2. e3 Nf6 3. c4 c6 4. Nc3 g6 5. d4 Bg7 6. cxd5 cxd5 7. Be2 Nc6 8. O-O
O-O 9. b3 Bf5 10. Bb2 Rc8 11. Rc1 Ne4 12. Nxe4 Bxe4 13. Ne5 Nxe5 14. Rxc8 Qxc8
15. dxe5 Qc5 16. Qd2 Qc2 17. Qxc2 Bxc2 18. Rc1 Bf5 19. g4 Be6 20. Bf3 b5 21. g5
Rd8 22. Bd4 a6 23. Kg2 Bc8 24. Bxd5 e6 25. Be4 h6 26. h4 hxg5 27. hxg5 Bf8 28.
Bb6 Ba3 29. Rc2 Re8 30. Bc6 Rf8 31. Bc5 Bxc5 32. Rxc5 Rd8 33. Be4 Bd7 34. b4
Bc8 35. Kf3 Kf8 36. Rc7 Kg7 37. Ke2 Bd7 38. Ra7 Bc8 39. Ra8 Rh8 40. Bf3 Rh4 41.
Rxc8 Rxb4 42. Rc2 Ra4 43. Kd2 b4 44. Rb2 Ra5 45. Be2 Rd5+ 46. Bd3 Rxe5 47. Bxa6
Rxg5 48. Rxb4 Ra5 49. Bc4 Kf6 50. a4 1-0

[Event "100 Jahre Schvgg Blankenese - Open 2023"]
[Site "Lise-Meitner-Gymnasium (HH)"]
[Date "2023.10.02"]
[Round "6.13"]
[White "Porth, Hartmut"]
[Black "Reuter, Maximilian"]
[Result "0-1"]
[WhiteElo "2028"]
[BlackElo "1901"]
[PlyCount "60"]
[EventDate "2023.09.30"]
[EventType "swiss"]
[EventRounds "7"]
[WhiteTeam "SV Bargteheide"]
[BlackTeam "SchVgg Blankenese von 1923 e.V."]

1. d4 e6 2. Nc3 Bb4 3. a3 Bxc3+ 4. bxc3 f5 5. c4 Nf6 6. e3 O-O 7. Nf3 d6 8. Be2
Qe7 9. O-O e5 10. Bb2 Nc6 11. d5 Nb8 12. c5 Nbd7 13. cxd6 cxd6 14. c4 Nc5 15.
a4 Nfe4 16. Ne1 Bd7 17. f3 Ng5 18. Nd3 Nxd3 19. Bxd3 Rac8 20. Be2 f4 21. exf4
Rxf4 22. g3 Rff8 23. h4 Nf7 24. Qd2 Nh6 25. Qg5 Qe8 26. Bd3 Bf5 27. Qe3 Qg6 28.
Be2 Qxg3+ 29. Kh1 Qxh4+ 30. Kg1 Bh3 0-1

[Event "100 Jahre Schvgg Blankenese - Open 2023"]
[Site "Lise-Meitner-Gymnasium (HH)"]
[Date "2023.10.02"]
[Round "6.14"]
[White "Braeutigam, Alexander"]
[Black "Harms, Friedjof"]
[Result "1/2-1/2"]
[WhiteElo "2006"]
[BlackElo "1889"]
[PlyCount "104"]
[EventDate "2023.09.30"]
[EventType "swiss"]
[EventRounds "7"]
[WhiteTeam "SK Doppelbauer Kiel von 1910 e.V"]
[BlackTeam "SV Bad Bevensen"]

1. c4 Nf6 2. Nc3 c5 3. g3 g6 4. Bg2 Bg7 5. d3 O-O 6. e4 d6 7. Nge2 Nc6 8. O-O
Ne8 9. Be3 Nc7 10. d4 cxd4 11. Nxd4 Ne5 12. Qe2 Ng4 13. Rac1 Nxe3 14. Qxe3 Ne6
15. Nxe6 Bxe6 16. Nd5 b6 17. b4 Rc8 18. Rc2 h5 19. Rfc1 Kh7 20. f4 Qd7 21. Bf1
Bxd5 22. exd5 f5 23. Re1 Bf6 24. Kh1 Kg7 25. h4 Rfd8 26. Rec1 Qa4 27. a3 Qd7
28. Kh2 Rc7 29. Be2 Rdc8 30. Qb3 Rd8 31. a4 Kf8 32. Bf3 Kg7 33. Kh3 Rdc8 34.
Bg2 Kf8 35. Bf1 Rd8 36. Bg2 Rdc8 37. Bf3 Kg7 38. Be2 Rd8 39. Ra2 Kf8 40. Rb1
Kg7 41. Qe3 Rb8 42. Rb3 Rcb7 43. Qd2 Kf8 44. a5 bxa5 45. Rxa5 Qd8 46. Ra6 Qd7
47. Rb1 Kg7 48. Bd1 Rb6 49. Ba4 Qc7 50. Rxb6 Qxb6 51. Bc2 Qd4 52. Qxd4 Bxd4
1/2-1/2

[Event "100 Jahre Schvgg Blankenese - Open 2023"]
[Site "Lise-Meitner-Gymnasium (HH)"]
[Date "2023.10.02"]
[Round "6.15"]
[White "König, Friedrich Theodor"]
[Black "Lehmkuhl, Stefan"]
[Result "1/2-1/2"]
[WhiteElo "1990"]
[BlackElo "1811"]
[PlyCount "62"]
[EventDate "2023.09.30"]
[EventType "swiss"]
[EventRounds "7"]
[WhiteTeam "Schachklub Uetersen von 1947 e."]
[BlackTeam "SF Buxtehude"]

1. Nf3 d5 2. d4 Nf6 3. Bf4 e6 4. e3 Be7 5. Nbd2 O-O 6. Bd3 Nbd7 7. Ne5 c5 8. c3
Qb6 9. Rb1 cxd4 10. exd4 Bd6 11. Qf3 Qc7 12. Qe2 Re8 13. g4 Nf8 14. g5 N6d7 15.
Bg3 f6 16. gxf6 Nxf6 17. Bh4 Bxe5 18. dxe5 N6d7 19. f4 Nc5 20. Bc2 b6 21. Rg1
Ba6 22. Qe3 Ng6 23. Bg5 Qf7 24. h4 Rf8 25. Bf6 gxf6 26. h5 f5 27. hxg6 hxg6 28.
Kf2 Kg7 29. Rg2 Rh8 30. Rbg1 Rh6 31. Nf3 Rah8 1/2-1/2

[Event "100 Jahre Schvgg Blankenese - Open 2023"]
[Site "Lise-Meitner-Gymnasium (HH)"]
[Date "2023.10.02"]
[Round "6.16"]
[White "Oest, Thorsten"]
[Black "He, Saiqi"]
[Result "1-0"]
[WhiteElo "1984"]
[BlackElo "1460"]
[PlyCount "67"]
[EventDate "2023.09.30"]
[EventType "swiss"]
[EventRounds "7"]
[WhiteTeam "SAbt MTV Salzhausen"]
[BlackTeam "SchVgg Blankenese von 1923 e.V."]

1. c4 e6 2. g3 Nf6 3. Bg2 Be7 4. e4 d5 5. e5 Nfd7 6. d4 c6 7. Qg4 Rg8 8. Ne2
dxc4 9. O-O Nb6 10. a4 Na6 11. a5 Nd5 12. Nd2 Qc7 13. Nxc4 Bd7 14. Qh5 O-O-O
15. Qxf7 Rdf8 16. Qh5 h6 17. Nc3 Kb8 18. Ne4 c5 19. dxc5 Bxc5 20. Nxc5 Qxc5 21.
Nd6 Bb5 22. Nxb5 Qxb5 23. Qg4 Qd7 24. b3 Nab4 25. Ba3 Qb5 26. Bxd5 Qxd5 27.
Bxb4 Rf5 28. Bd6+ Ka8 29. Qc4 Qf3 30. Qxe6 Rh8 31. Rac1 a6 32. Rc8+ Rxc8 33.
Qxc8+ Ka7 34. Qb8# 1-0

[Event "100 Jahre Schvgg Blankenese - Open 2023"]
[Site "Lise-Meitner-Gymnasium (HH)"]
[Date "2023.10.02"]
[Round "6.17"]
[White "Paulsen, Tino"]
[Black "Bräutigam, Katerina"]
[Result "0-1"]
[WhiteElo "1786"]
[BlackElo "1957"]
[PlyCount "60"]
[EventDate "2023.09.30"]
[EventType "swiss"]
[EventRounds "7"]
[WhiteTeam "SC Turm Lüneburg e.V."]
[BlackTeam "SK Doppelbauer Kiel von 1910 e.V"]

1. Nf3 Nf6 2. b3 g6 3. Bb2 Bg7 4. e3 d6 5. Be2 e5 6. d4 e4 7. Nfd2 d5 8. Ba3
Be6 9. c4 c6 10. Nc3 Bf8 11. Bxf8 Kxf8 12. O-O Ne8 13. b4 Kg7 14. b5 Qg5 15.
Kh1 Nd6 16. c5 Nf5 17. Nb3 h5 18. Na5 Bc8 19. Qa4 h4 20. bxc6 bxc6 21. Rfe1
Ng3+ 22. Kg1 Nxe2+ 23. Nxe2 Bh3 24. Ng3 hxg3 25. fxg3 Bc8 26. Rab1 Qh5 27. Nb7
Qxh2+ 28. Kf2 Rh5 29. Ke2 Qxg2+ 30. Kd1 Rh2 0-1

[Event "100 Jahre Schvgg Blankenese - Open 2023"]
[Site "Lise-Meitner-Gymnasium (HH)"]
[Date "2023.10.02"]
[Round "6.18"]
[White "Steinbrenner, Jürg"]
[Black "Winkelmann, Martin"]
[Result "1-0"]
[WhiteElo "1948"]
[BlackElo "1769"]
[PlyCount "55"]
[EventDate "2023.09.30"]
[EventType "swiss"]
[EventRounds "7"]
[WhiteTeam "FC ST.Pauli 1910 eV SAbt"]
[BlackTeam "SF Buxtehude"]

1. e4 e5 2. Nf3 Nc6 3. d4 exd4 4. c3 dxc3 5. Nxc3 Bb4 6. Bc4 Nf6 7. e5 d5 8.
exf6 dxc4 9. Qxd8+ Nxd8 10. fxg7 Rg8 11. Bh6 Ne6 12. O-O Bxc3 13. bxc3 Nxg7 14.
Rfe1+ Be6 15. Rad1 Nf5 16. Bf4 Nd6 17. Bxd6 cxd6 18. Rxd6 Ke7 19. Rd4 Rac8 20.
Rh4 Rg7 21. Nd4 Kd7 22. Re5 Rg4 23. Rxg4 Bxg4 24. h3 Be6 25. f4 b6 26. Kf2 Kd6
27. Nb5+ Kd7 28. f5 1-0

[Event "100 Jahre Schvgg Blankenese - Open 2023"]
[Site "Lise-Meitner-Gymnasium (HH)"]
[Date "2023.10.02"]
[Round "6.19"]
[White "Keyser, Robin"]
[Black "Loayza, Ignacio"]
[Result "1-0"]
[WhiteElo "2191"]
[BlackElo "1732"]
[PlyCount "41"]
[EventDate "2023.09.30"]
[EventType "swiss"]
[EventRounds "7"]
[WhiteTeam "SK Johanneum Eppendorf"]
[BlackTeam "USG Chemnitz"]

1. d4 d5 2. c4 c6 3. Nf3 Nf6 4. g3 e6 5. Bg2 Bd6 6. O-O O-O 7. Nc3 Nbd7 8. Nd2
Bc7 9. e4 Nb6 10. e5 Ne8 11. c5 Nd7 12. b4 f6 13. f4 b5 14. a4 a5 15. axb5 axb4
16. Rxa8 bxc3 17. Nb1 fxe5 18. fxe5 Rxf1+ 19. Bxf1 cxb5 20. Nxc3 Ba5 21. Nxb5
1-0

[Event "100 Jahre Schvgg Blankenese - Open 2023"]
[Site "Lise-Meitner-Gymnasium (HH)"]
[Date "2023.10.02"]
[Round "6.20"]
[White "Annegarn, Alexander"]
[Black "Voigt, Dominik"]
[Result "1-0"]
[WhiteElo "2004"]
[BlackElo "1707"]
[PlyCount "125"]
[EventDate "2023.09.30"]
[EventType "swiss"]
[EventRounds "7"]
[WhiteTeam "Schachgemeinschaft Turm Rietberg"]
[BlackTeam "HSK Lister Turm"]

1. e4 c6 2. e5 d5 3. exd6 e5 4. d7+ Nxd7 5. Bc4 Ngf6 6. Nf3 Bd6 7. d3 O-O 8.
Bg5 Qc7 9. Nbd2 Re8 10. Bxf6 Nxf6 11. Ng5 Rf8 12. Nge4 Nxe4 13. Nxe4 Bb4+ 14.
c3 Ba5 15. Qh5 h6 16. g4 Be6 17. Bxe6 fxe6 18. Rg1 Qf7 19. Qxf7+ Rxf7 20. h4
Raf8 21. Rg2 Bb6 22. Ke2 Rf3 23. g5 h5 24. Nf6+ R8xf6 25. gxf6 Rxf6 26. f3 Rf4
27. Rh1 Ra4 28. a3 Bd8 29. c4 Bf6 30. Ke3 Kf7 31. Rc2 Be7 32. Ke4 Ra5 33. Rc3
c5 34. Rb3 b6 35. Kxe5 Bf6+ 36. Kd6 Be7+ 37. Kd7 Ra6 38. Rb5 Ra4 39. Ra1 Bxh4
40. b3 Bf6 41. Ra2 Ra6 42. Kc6 h4 43. Kb7 Ra5 44. Rxa5 bxa5 45. Rh2 g5 46. Kxa7
Bd8 47. Kb7 Kf6 48. Kc8 Ke7 49. f4 Ke8 50. fxg5 Bxg5 51. Re2 Ke7 52. Kb7 Kd6
53. Ka6 Bd8 54. Kb5 Bc7 55. Re4 Bd8 56. Rg4 Bf6 57. Rg6 Ke5 58. Rh6 Kf5 59.
Kxc5 Kg5 60. Rxh4 Kxh4 61. Kd6 Bb2 62. Kxe6 Bxa3 63. d4 1-0

[Event "100 Jahre Schvgg Blankenese - Open 2023"]
[Site "Lise-Meitner-Gymnasium (HH)"]
[Date "2023.10.02"]
[Round "6.21"]
[White "Eichstädt, Enrico"]
[Black "Schulze, Tim"]
[Result "1/2-1/2"]
[WhiteElo "1908"]
[BlackElo "1718"]
[PlyCount "66"]
[EventDate "2023.09.30"]
[EventType "swiss"]
[EventRounds "7"]
[WhiteTeam "SK Norderstedt von 1975"]
[BlackTeam "SC Turm Lüneburg e.V."]

1. e4 c6 2. d4 d5 3. exd5 cxd5 4. c4 Nf6 5. Nc3 Nc6 6. Nf3 a6 7. h3 g6 8. Be3
Bg7 9. Rc1 O-O 10. a3 dxc4 11. Bxc4 b5 12. Ba2 Bb7 13. O-O e6 14. Ng5 Qe7 15.
b4 h6 16. Nf3 Rfd8 17. Qb3 Nd5 18. Nxd5 Rxd5 19. Rfd1 Rad8 20. Qb1 R5d7 21. d5
exd5 22. Bb6 Re8 23. Rxd5 Rxd5 24. Bxd5 Ne5 25. Bc5 Nxf3+ 26. Bxf3 Qd7 27. Rd1
Qc8 28. Bxb7 Qxb7 29. Rd6 Be5 30. Rb6 Qc8 31. Be3 Kg7 32. Kh1 Re6 33. Rxe6 Qxe6
1/2-1/2

[Event "100 Jahre Schvgg Blankenese - Open 2023"]
[Site "Lise-Meitner-Gymnasium (HH)"]
[Date "2023.10.02"]
[Round "6.22"]
[White "Müller, Marius"]
[Black "Pienski, Olaf"]
[Result "0-1"]
[WhiteElo "1672"]
[BlackElo "1906"]
[PlyCount "84"]
[EventDate "2023.09.30"]
[EventType "swiss"]
[EventRounds "7"]
[WhiteTeam "Hamburger SK von 1830 eV"]
[BlackTeam "SF Leherheide von 1950"]

1. e4 c5 2. Nf3 e6 3. c4 Nc6 4. Nc3 g6 5. d4 cxd4 6. Nxd4 a6 7. Be3 Nge7 8. Qd2
Bg7 9. Nb3 O-O 10. Be2 f5 11. O-O Qc7 12. Bc5 Be5 13. h3 d6 14. Ba3 f4 15. Rfd1
Rd8 16. Rac1 Qb8 17. Kh1 b6 18. Bg4 b5 19. Nd5 exd5 20. Bxc8 Rxc8 21. cxb5 axb5
22. exd5 Nd8 23. Nd4 Ra4 24. Rxc8 Nxc8 25. Nc6 Nxc6 26. dxc6 b4 27. Qd5+ Kg7
28. Qb3 Ra6 29. Rc1 Rb6 30. c7 Qb7 31. Qe6 bxa3 32. Qd7+ Kh6 33. b3 Rb5 34. Qf7
Rc5 35. Qf8+ Kh5 36. Re1 Qxc7 37. g4+ fxg3 38. Qf3+ Kh6 39. Qf8+ Qg7 40. Qf3
gxf2 41. Qxf2 Qf6 42. Qe3+ Qf4 0-1

[Event "100 Jahre Schvgg Blankenese - Open 2023"]
[Site "Lise-Meitner-Gymnasium (HH)"]
[Date "2023.10.02"]
[Round "6.23"]
[White "Thomas, Jeremy"]
[Black "Smith, Tobias"]
[Result "1-0"]
[WhiteElo "1903"]
[BlackElo "1696"]
[PlyCount "139"]
[EventDate "2023.09.30"]
[EventType "swiss"]
[EventRounds "7"]
[WhiteTeam "Blau-Weiss Buchholz"]
[BlackTeam "TSG Oberschöneweide e.V."]

1. e4 c5 2. Nf3 g6 3. d4 cxd4 4. Nxd4 Nc6 5. Nc3 Bg7 6. Be3 Nf6 7. Bc4 O-O 8.
Bb3 d6 9. f3 Bd7 10. Qd2 Re8 11. h4 Na5 12. h5 Nxb3 13. axb3 a6 14. hxg6 fxg6
15. Bh6 Bh8 16. Bg5 e5 17. Nde2 Bc6 18. O-O-O Re6 19. Kb1 Qc7 20. Bxf6 Bxf6 21.
Nd5 Bxd5 22. Qxd5 Qf7 23. Nc3 Rc8 24. Qd2 b5 25. Qe3 Qc7 26. Qd3 Qc5 27. Qd5
Qxd5 28. Nxd5 Rc6 29. Nb4 Rb6 30. Rd5 Bg5 31. Nd3 Rc6 32. c3 Bf4 33. Nxf4 exf4
34. Kc2 h5 35. Kd3 Rb6 36. b4 Kf7 37. Rb1 Re5 38. Kd4 Re7 39. b3 Reb7 40. Rh1
Kg7 41. e5 dxe5+ 42. Kxe5 Rc6 43. Rc1 Rbc7 44. Kd4 Kf6 45. c4 Re6 46. Ra1 Rcc6
47. Ra2 Rb6 48. cxb5 axb5 49. Rc2 Re3 50. Rb2 Ree6 51. Rd2 g5 52. Rc2 g4 53.
fxg4 hxg4 54. Rf2 f3 55. gxf3 gxf3 56. Rxf3+ Ke7 57. Rff5 Re1 58. Rfe5+ Rxe5
59. Kxe5 Re6+ 60. Kd4 Rd6 61. Kc5 Rxd5+ 62. Kxd5 Kd7 63. Kc5 Kc7 64. Kxb5 Kb7
65. Ka5 Ka7 66. b5 Kb7 67. b6 Kb8 68. Ka6 Ka8 69. b7+ Kb8 70. b4 1-0

[Event "100 Jahre Schvgg Blankenese - Open 2023"]
[Site "Lise-Meitner-Gymnasium (HH)"]
[Date "2023.10.02"]
[Round "6.24"]
[White "Strohschän, Michel"]
[Black "Lau, Felix"]
[Result "0-1"]
[WhiteElo "1694"]
[BlackElo "1857"]
[PlyCount "84"]
[EventDate "2023.09.30"]
[EventType "swiss"]
[EventRounds "7"]
[WhiteTeam "HSK Lister Turm"]
[BlackTeam "SchVgg Blankenese von 1923 e.V."]

1. d4 d5 2. c4 e6 3. Nc3 c6 4. Nf3 dxc4 5. a4 Bb4 6. e3 b5 7. axb5 cxb5 8. Bd2
Bxc3 9. Bxc3 a5 10. Ne5 Bb7 11. Be2 Nf6 12. Bf3 Nd5 13. Qc2 Nc6 14. Bxd5 Qxd5
15. Nf3 b4 16. e4 Qb5 17. Bd2 O-O 18. O-O b3 19. Qc3 Nb4 20. e5 Nd3 21. Ne1 Qd5
22. f3 Nb4 23. Bg5 Rfc8 24. Be7 Na2 25. Rxa2 bxa2 26. Nc2 Bc6 27. Ra1 Ba4 28.
Ne3 Qb7 29. Bc5 Qb3 30. Nxc4 Qxc3 31. bxc3 Rcb8 32. Kf2 Bc2 33. Nb6 Ra6 34.
Rxa2 Bb3 35. Nd7 Rb7 36. Ra3 a4 37. Nb6 Rbxb6 38. Bxb6 Rxb6 39. Ke3 Rc6 40. Kd3
g5 41. Ra1 Kg7 42. Rc1 a3 0-1

[Event "100 Jahre Schvgg Blankenese - Open 2023"]
[Site "Lise-Meitner-Gymnasium (HH)"]
[Date "2023.10.02"]
[Round "6.26"]
[White "Haertel, Leon"]
[Black "Emami, Madjid"]
[Result "1-0"]
[WhiteElo "1664"]
[BlackElo "1852"]
[PlyCount "68"]
[EventDate "2023.09.30"]
[EventType "swiss"]
[EventRounds "7"]
[WhiteTeam "Hamburger SK von 1830 eV"]
[BlackTeam "Hamburger SK von 1830 eV"]

1. d4 g6 2. c4 Bg7 3. Nf3 d6 4. g3 f5 5. Bg2 Nf6 6. O-O O-O 7. Nc3 c6 8. Re1 a5
9. h3 Na6 10. Bd2 Ne4 11. Bf4 c5 12. Nxe4 fxe4 13. Ng5 Bxd4 14. Nxe4 Nc7 15.
Qd2 Qd7 16. Rad1 Qf5 17. e3 Bg7 18. g4 Qf7 19. Nxc5 dxc5 20. Bxc7 Kh8 21. b3 a4
22. Bg3 axb3 23. axb3 Ra3 24. Rb1 h5 25. Qd5 Qxd5 26. cxd5 hxg4 27. hxg4 Bxg4
28. Rec1 b6 29. Rc2 Bf5 30. e4 Bd7 31. Bc7 Bb5 32. Bf1 Bxf1 33. Kxf1 Ra6 34. e5
Rd8 1-0

[Event "100 Jahre Schvgg Blankenese - Open 2023"]
[Site "Lise-Meitner-Gymnasium (HH)"]
[Date "2023.10.02"]
[Round "6.27"]
[White "Genov, Valentin"]
[Black "Kraft, Gerhard"]
[Result "1/2-1/2"]
[WhiteElo "1830"]
[BlackElo "1635"]
[PlyCount "41"]
[EventDate "2023.09.30"]
[EventType "swiss"]
[EventRounds "7"]
[WhiteTeam "SK Kirchweyhe 1947"]
[BlackTeam "SchVgg Blankenese von 1923 e.V."]

1. d4 Nf6 2. c4 e6 3. Nf3 d5 4. Nc3 Bb4 5. Bg5 h6 6. Bxf6 Qxf6 7. a3 Bxc3+ 8.
bxc3 O-O 9. e3 b6 10. Qc2 Ba6 11. Nd2 Rc8 12. cxd5 Bxf1 13. Nxf1 exd5 14. Nd2
c5 15. Qd3 c4 16. Qc2 Nc6 17. O-O b5 18. Rab1 Rcb8 19. Rb2 Qd6 20. Rfb1 a6 21.
Ra1 1/2-1/2